Normal view
MARC view
- الشافعي، أبي الفداء إسماعيل بن محمد بن عبد الهادي ؛ عناية: سفيان بن عايش بن محمد
Entry Personal Name
001 - CONTROL NUMBER
- control field: 21008
003 - CONTROL NUMBER IDENTIFIER
- control field: JO-AjAnu
005 - DATE AND TIME OF LATEST TRANSACTION
- control field: 20230606073639.0
008 - FIXED-LENGTH DATA ELEMENTS
- fixed length control field: 230606|| aca||aabn | a|a d
040 ## - CATALOGING SOURCE
- Original cataloging agency: JO-AjAnu
- Transcribing agency: JO-AjAnu
100 ## - HEADING--PERSONAL NAME
- Personal name: الشافعي، أبي الفداء إسماعيل بن محمد بن عبد الهادي ؛ عناية: سفيان بن عايش بن محمد
670 ## - SOURCE DATA FOUND
- Source citation: Work cat.: (JO-AjAnu)10794: الشافعي، أبي الفداء إسماعيل بن محمد بن عبد الهادي ؛ عناية: سفيان بن عايش بن محمد, author, تحريك السلسلة فيما يتعلق بالزلزلة